000 00826nam a22002897a 4500
001 BR8704354
003 BR-BrBNA
005 20230928092703.0
007 ta
008 230509b bl.||||| |||| 00| 0 por d
040 _aBR-BrBNA
_bpor
_cBiblioteca Nacional de Agricultura
041 _a(Por)
072 _aP01
_b3830
090 _ 3830 BR8704354
100 1 _aSchimmelpfeng, W.
100 1 _aHolanda, F.A.
110 1 _aFundacao Nucleo de Tecnologia Industrial, Fortaleza, CE (Brasil)
_95007
245 1 _aItataia - uma fonte de fertilizantes fosfatados
260 3 _aFortaleza, CE (Brasil):
_c1986.
300 _a17 p.
500 _a4 ref.; 5 illus.; 4 tables
650 _aPROJETO DE DESENVOLVIMENTO
650 _aRECURSO DO SOLO
650 _aCEARA
909 _a202309
_bLucia
_c55
_dLucia Elande
942 _cBK
999 _c40614
_d40614